|
|
|
|
| LEADER |
01509nam a2200277 a 4500 |
| 001 |
7021000 |
| 008 |
090507r19991960 nyua 000 0 eng d |
| 010 |
|
|
|a 60011724
|
| 020 |
|
|
|a 0852264089
|
| 040 |
|
|
|a DLC
|c FM
|d OCoLC
|d DLC
|
| 082 |
|
|
|a 621.31913
|
| 100 |
1 |
|
|a Kerchner, Russell Marion,
|d 1899-
|
| 245 |
1 |
0 |
|a Alternating-current circuits
|c [by] Russell M. Kerchner [and] George F. Corcoran.
|
| 250 |
|
|
|a 4th ed.
|
| 260 |
|
|
|a New York,
|b Wiley,
|c 1960(reprinted 1999)
|
| 300 |
|
|
|a x,602 p.
|b illus.
|c 24 cm.
|
| 541 |
1 |
|
|e 00009514
|
| 650 |
|
0 |
|a Electric currents, Alternating.
|
| 650 |
|
0 |
|a Electric circuits.
|
| 700 |
1 |
|
|a Corcoran, George F.
|q (George Francis),
|d 1900-
|e joint author.
|
| 852 |
4 |
|
|a <add library>
|j <shelf mark>
|
| 999 |
|
|
|c 504
|d 504
|
| 952 |
|
|
|0 0
|1 0
|2 ddc
|4 0
|6 621_319130000000000_KER_1999
|7 0
|8 NFIC
|9 455
|a BRACUL
|b BRACUL
|c GEN
|d 2009-05-10
|g 0.00
|l 3
|o 621.31913 KER
|p 3010009514
|r 2025-12-15
|s 2025-12-15
|t 1
|w 2009-05-10
|y BK
|x No price found in the accession register.
|
| 952 |
|
|
|0 0
|1 0
|2 ddc
|4 0
|6 621_319130000000000_KER_2001
|7 0
|8 NFIC
|9 10649
|a BRACUL
|b BRACUL
|c GEN
|d 2010-06-03
|l 3
|m 17
|o 621.31913 KER
|p 3010010726
|r 2026-02-18
|s 2026-02-02
|t 2
|w 2010-06-03
|y BK
|
| 952 |
|
|
|0 0
|1 0
|2 ddc
|4 0
|6 621_319130000000000_KER_1999
|7 0
|8 NFIC
|9 10821
|a BRACUL
|b BRACUL
|c GEN
|d 2010-06-09
|l 3
|m 39
|o 621.31913 KER
|p 3010009517
|r 2025-08-06
|s 2025-06-28
|t 3
|w 2010-06-09
|y BK
|
| 952 |
|
|
|0 0
|1 0
|2 ddc
|4 0
|6 621_319130000000000_KER_1999
|7 0
|8 NFIC
|9 10822
|a BRACUL
|b BRACUL
|c GEN
|d 2010-06-09
|l 0
|o 621.31913 KER
|p 3010009518
|r 2010-06-09
|t 4
|w 2010-06-09
|y BK
|